Ironmaking and Steelmaking: Theory and practice (Record no. 10556)

000 -LEADER
fixed length control field 00399nam a2200145Ia 4500
008 - FIXED-LENGTH DATA ELEMENTS--GENERAL INFORMATION
fixed length control field 200103s9999||||xx |||||||||||||| ||und||
020 ## - INTERNATIONAL STANDARD BOOK NUMBER
International Standard Book Number 9788120332898
082 ## - DEWEY DECIMAL CLASSIFICATION NUMBER
Classification number Column-56
100 ## - MAIN ENTRY--PERSONAL NAME
Personal name Ghosh, Ahindra and Chatterjee, Amit
245 #0 - TITLE STATEMENT
Title Ironmaking and Steelmaking: Theory and practice
260 ## - PUBLICATION, DISTRIBUTION, ETC. (IMPRINT)
Name of publisher, distributor, etc PHI Learning Pvt. Ltd., Delhi
Date of publication, distribution, etc 2014
300 ## - PHYSICAL DESCRIPTION
Extent xx, 472
942 ## - ADDED ENTRY ELEMENTS (KOHA)
Item type Books
Holdings
Withdrawn status Lost status Damaged status Not for loan Shelving location Date acquired Barcode Date last seen Koha item type
          2020-01-08 LBSD2144 2025-03-17 Books
Copyright © 2021 Indian Maritime University, Mumbai Port Campus. All Rights Reserved. Managed & Maintained by Central Library, IMU-Mumbai

webs counters

Powered by Koha